Polovica úspechu vášho marketingu závisí od konkurencie

Nový marketingový nástroj a technológia, ktorá sa volá Positioning. Spôsob, ako predstaviť neznámu vec a dať ju do vzťahu so známou vecou. Umiestnenie myšlienky do zákazníkovej mysle tak, aby to súviselo s nejakým iným produktom.

Enregistré dans:
Détails bibliographiques
Auteur principal: Pavlík, Ladislav
Format: Chapitre de livre
Langue:slovaque
Sujets:
Tags: Ajouter un tag
Pas de tags, Soyez le premier à ajouter un tag!

MARC

LEADER 00000naa a2200000 4500
001 0145999
005 20230912101136.3
041 0 |a slo 
044 |a SK 
245 1 0 |a Polovica úspechu vášho marketingu závisí od konkurencie  |c Ladislav Pavlík 
520 |a Nový marketingový nástroj a technológia, ktorá sa volá Positioning. Spôsob, ako predstaviť neznámu vec a dať ju do vzťahu so známou vecou. Umiestnenie myšlienky do zákazníkovej mysle tak, aby to súviselo s nejakým iným produktom. 
610 2 0 |a marketing 
610 2 0 |a stratégia marketingová 
610 2 0 |a stratégia obchodná 
610 2 0 |a nástroje marketingové 
610 2 0 |a manažment produktový 
610 2 0 |a manažment sortimentný 
610 2 0 |a konkurencia 
610 2 0 |a psychológia predaja 
100 1 |a Pavlík, Ladislav